000 00659nam a2200229Ia 4500
005 20250508164750.0
008 008 250505s9999 xx 000 0 eng d
020 _a978-1-4129-1789-6
037 _aTextual
040 _aFEDL
_beng
_cFEDL
041 _aeng
_2eng
084 _a371.9, PIE
_qFEDL
100 _aPierangelo Roger
245 0 _aFrequently asked questions about response to intervention
260 _aCalifornia, USA
_bCorwin Press
_c2008
300 _axviii,150p.
365 _aUSD
_b28.95
650 _aSpecial education
700 _a Giuliani George
_9779113
942 _cTEXL
_h371.9, PIE
999 _c1390999
_d1390999